[Event "LSS No Engine Cup 224 Preliminary 0"]
[Site "LSS email"]
[Date "2022.01.08"]
[Round "?"]
[White "Callow, Chris"]
[Black "Neumann, Otto"]
[Result "1-0"]
[WhiteElo "2261"]
[BlackElo "1168"]
[PlyCount "27"]
[EventDate "2022.01.08"]
[EventType "tourn (corr)"]
[EventRounds "6"]
[EventCountry "GER"]
[SourceTitle "Corr 2024"]
[Source "ChessBase"]
[SourceDate "2023.10.19"]
[SourceVersion "1"]
[SourceVersionDate "2023.10.19"]
[SourceQuality "1"]

1. e4 c5 2. Nf3 Nc6 3. d4 cxd4 4. Nxd4 Nf6 5. Nc3 d6 6. Bg5 Qa5 7. Bb5 Bd7 8. Nb3 Qb6 9. Qe2 Ng4 10. Nd5 Qd8 11. Bd2 Nge5 12. f4 Ng4 13. Bxc6 bxc6 14. Ba5 1-0

[Event "OP-2021-0-05205"]
[Site "LSS email"]
[Date "2021.10.29"]
[Round "?"]
[White "Heiser, Jerome"]
[Black "Callow, Chris"]
[Result "0-1"]
[WhiteElo "536"]
[BlackElo "2020"]
[PlyCount "52"]
[EventDate "2021.10.25"]
[EventType "tourn (corr)"]
[EventRounds "4"]
[EventCountry "GER"]
[SourceTitle "Corr 2024"]
[Source "ChessBase"]
[SourceDate "2023.10.19"]
[SourceVersion "1"]
[SourceVersionDate "2023.10.19"]
[SourceQuality "1"]

1. e4 e5 2. Nf3 Nc6 3. Nc3 Nf6 4. Bc4 Bc5 5. 0-0 0-0 6. d3 h6 7. Re1 d6 8. a3 a5 9. h3 Be6 10. Be3 Bxc4 11. dxc4 Bxe3 12. Rxe3 Nd7 13. Nd5 Nc5 14. b3 Ne7 15. Nh2 Ne6 16. Qg4 Nd4 17. Rg3 Ng6 18. Ra2 c6 19. Nc3 Qf6 20. Ne2 a4 21. b4 Nxe2+ 22. Kf1 Nxg3+ 23. Qxg3 Qe6 24. Kg1 Qxc4 25. Rb2 Nf4 26. Ng4 Ne2+ 0-1

[Event "OP-2021-0-05205"]
[Site "LSS email"]
[Date "2021.10.29"]
[Round "?"]
[White "Maly, Marian"]
[Black "Callow, Chris"]
[Result "0-1"]
[WhiteElo "763"]
[BlackElo "2020"]
[PlyCount "56"]
[EventDate "2021.10.25"]
[EventType "tourn (corr)"]
[EventRounds "4"]
[EventCountry "GER"]
[SourceTitle "Corr 2024"]
[Source "ChessBase"]
[SourceDate "2023.10.19"]
[SourceVersion "1"]
[SourceVersionDate "2023.10.19"]
[SourceQuality "1"]

1. d4 d5 2. Nf3 Nf6 3. Bf4 c5 4. dxc5 e6 5. b4 a5 6. e3 axb4 7. Ne5 Bxc5 8. Bb5+ Bd7 9. Bxd7+ Nbxd7 10. Qf3 b3 11. cxb3 Bb4+ 12. Kf1 Ne4 13. a3 Qf6 14. Qh5 g6 15. Qe2 Bd6 16. Nd2 Bxe5 17. Rc1 Bxf4 18. Nxe4 dxe4 19. exf4 Qxf4 20. Rc4 f5 21. Qc2 Ne5 22. Rc7 Rd8 23. Ke2 Qg4+ 24. Ke1 Qxg2 25. Rf1 Nd3+ 26. Ke2 Qf3+ 27. Kd2 Nxf2+ 28. Kc1 Nd3+ 0-1

[Event "LSS No Engine Cup 221 Preliminary 0"]
[Site "LSS email"]
[Date "2021.09.14"]
[Round "?"]
[White "Portas, Daniel"]
[Black "Callow, Chris"]
[Result "0-1"]
[WhiteElo "1666"]
[BlackElo "2259"]
[PlyCount "58"]
[EventDate "2021.09.14"]
[EventType "tourn (corr)"]
[EventRounds "6"]
[EventCountry "GER"]
[SourceTitle "Corr 2024"]
[Source "ChessBase"]
[SourceDate "2023.10.19"]
[SourceVersion "1"]
[SourceVersionDate "2023.10.19"]
[SourceQuality "1"]

1. e4 e5 2. Nf3 Nc6 3. Bb5 a6 4. Ba4 Nf6 5. 0-0 Be7 6. Re1 b5 7. Bb3 d6 8. d4 Nxd4 9. Nxd4 exd4 10. Qxd4 c5 11. Qd1 c4 12. c3 cxb3 13. axb3 Bb7 14. f3 0-0 15. Be3 Nd7 16. Nd2 d5 17. exd5 Bxd5 18. b4 Ne5 19. Re2 Nc4 20. Nxc4 Bxc4 21. Rd2 Qc8 22. Bd4 Bg5 23. Rf2 Rd8 24. b3 Be6 25. Qc2 Rxd4 26. cxd4 Be3 27. Qd3 Bxf2+ 28. Kxf2 Qc6 29. Qe4 Bd5 0-1

[Event "LSS No Engine Cup 211 Final"]
[Site "LSS email"]
[Date "2021.07.23"]
[Round "?"]
[White "Callow, Chris"]
[Black "Grillo, Roberto"]
[Result "1/2-1/2"]
[WhiteElo "2246"]
[BlackElo "2082"]
[PlyCount "83"]
[EventDate "2021.07.23"]
[EventType "tourn (corr)"]
[EventRounds "6"]
[EventCountry "GER"]
[SourceTitle "Corr 2024"]
[Source "ChessBase"]
[SourceDate "2023.10.19"]
[SourceVersion "1"]
[SourceVersionDate "2023.10.19"]
[SourceQuality "1"]

1. e4 c5 2. Nf3 Nc6 3. d4 cxd4 4. Nxd4 Nf6 5. Nc3 e5 6. Ndb5 d6 7. Bg5 a6 8. Na3 b5 9. Nd5 Be7 10. Bxf6 Bxf6 11. c3 Rb8 12. Nc2 Bg5 13. Be2 0-0 14. 0-0 a5 15. Na3 Na7 16. Qd3 Kh8 17. Rfd1 Be6 18. Ne3 b4 19. Nac4 Nb5 20. cxb4 axb4 21. Nxd6 Bxe3 22. Nxb5 Qxd3 23. Bxd3 Bb6 24. a4 bxa3 25. bxa3 Rfd8 26. Be2 Rxd1+ 27. Rxd1 Rc8 28. h4 g6 29. Ra1 Kg7 30. a4 Rc2 31. Kf1 Ba5 32. Na3 Rd2 33. Nb5 h5 34. Na7 Bc3 35. Rc1 Ra2 36. Rxc3 Ra1+ 37. Bd1 Rxd1+ 38. Ke2 Rd4 39. f3 Rxa4 40. Nc6 Kf6 41. Rc5 Rc4 42. Rxc4 1/2-1/2

[Event "LSS No Engine Cup 211 Final"]
[Site "LSS email"]
[Date "2021.07.23"]
[Round "?"]
[White "Schleef, Harald"]
[Black "Callow, Chris"]
[Result "1/2-1/2"]
[WhiteElo "2372"]
[BlackElo "2246"]
[PlyCount "66"]
[EventDate "2021.07.23"]
[EventType "tourn (corr)"]
[EventRounds "6"]
[EventCountry "GER"]
[SourceTitle "Corr 2024"]
[Source "ChessBase"]
[SourceDate "2023.10.19"]
[SourceVersion "1"]
[SourceVersionDate "2023.10.19"]
[SourceQuality "1"]

1. c4 c5 2. g3 g6 3. Nc3 Bg7 4. Bg2 Nc6 5. e4 a6 6. a4 d6 7. Nge2 e6 8. d3 Nge7 9. 0-0 0-0 10. Rb1 Bd7 11. Be3 Qa5 12. Bf4 e5 13. Be3 Rab8 14. b3 f5 15. exf5 gxf5 16. Bg5 Rbe8 17. Kh1 Kh8 18. Qd2 Bf6 19. Bh6 Bg7 20. Bxg7+ Kxg7 21. f4 Kh8 22. Rf2 Ng8 23. h3 Nf6 24. Rbf1 Qd8 25. Nd5 Nxd5 26. cxd5 Nd4 27. fxe5 dxe5 28. b4 b6 29. Nxd4 cxd4 30. Qh6 Qf6 31. Qxf6+ Rxf6 32. g4 Ref8 33. Rc1 Kg7 1/2-1/2

[Event "LSS No Engine Cup 211 Final"]
[Site "LSS email"]
[Date "2021.07.23"]
[Round "?"]
[White "Wuttke, Bodo"]
[Black "Callow, Chris"]
[Result "0-1"]
[WhiteElo "2119"]
[BlackElo "2246"]
[PlyCount "78"]
[EventDate "2021.07.23"]
[EventType "tourn (corr)"]
[EventRounds "6"]
[EventCountry "GER"]
[SourceTitle "Corr 2024"]
[Source "ChessBase"]
[SourceDate "2023.10.19"]
[SourceVersion "1"]
[SourceVersionDate "2023.10.19"]
[SourceQuality "1"]

1. d4 d5 2. c4 c6 3. cxd5 cxd5 4. Nc3 Nf6 5. Bf4 Nc6 6. e3 Bf5 7. Qb3 Nh5 8. Qxb7 Rc8 9. Be5 f6 10. Bg3 Bd7 11. Qb3 Nxg3 12. hxg3 e6 13. Qc2 Qa5 14. Bd3 Bd6 15. Rxh7 Rxh7 16. Bxh7 Ne7 17. Kf1 f5 18. Nf3 g6 19. Ng5 Kf8 20. f4 Bb4 21. Rc1 Bxc3 22. bxc3 Qa3 23. Kf2 Kg7 24. Qb1 Rc6 25. Rc2 Rb6 26. Qh1 Qa4 27. Rd2 Be8 28. Qc1 Qc4 29. Rb2 Bb5 30. Kg1 Qa4 31. e4 Bd3 32. Rxb6 axb6 33. exf5 exf5 34. Qe1 Be4 35. Qd2 Qc2 36. Qxc2 Bxc2 37. Kf2 Nc8 38. Kf3 Be4+ 39. Kf2 Nd6 0-1

[Event "LSS No Engine Cup 204 Final"]
[Site "LSS email"]
[Date "2021.03.15"]
[Round "?"]
[White "Hoehne, Ernst"]
[Black "Callow, Chris"]
[Result "1/2-1/2"]
[WhiteElo "2060"]
[BlackElo "2237"]
[PlyCount "63"]
[EventDate "2021.03.15"]
[EventType "tourn (corr)"]
[EventRounds "6"]
[EventCountry "GER"]
[SourceTitle "Corr 2024"]
[Source "ChessBase"]
[SourceDate "2023.10.19"]
[SourceVersion "1"]
[SourceVersionDate "2023.10.19"]
[SourceQuality "1"]

1. d4 d5 2. Nf3 Nc6 3. c4 Bg4 4. cxd5 Bxf3 5. gxf3 Qxd5 6. e3 e5 7. Nc3 Bb4 8. Bd2 Bxc3 9. bxc3 exd4 10. cxd4 Nge7 11. Be2 0-0-0 12. Qb3 Rhe8 13. Rb1 Qxb3 14. Rxb3 Nf5 15. Bc3 g6 16. h4 Nce7 17. h5 Rd7 18. hxg6 hxg6 19. Bd2 Nd5 20. Kf1 c6 21. Bd3 Nc7 22. a4 Red8 23. Rc3 Ng7 24. Be2 Nge6 25. Be1 Re7 26. a5 Kd7 27. Rb3 Kc8 28. f4 Ree8 29. Bf3 Rh8 30. Rxh8 Rxh8 31. Rc3 Kd7 32. Rb3 1/2-1/2

[Event "SB-2021-0-00609"]
[Site "LSS email"]
[Date "2021.02.16"]
[Round "?"]
[White "Wernitz, Helmut"]
[Black "Callow, Chris"]
[Result "1/2-1/2"]
[WhiteElo "1961"]
[BlackElo "1982"]
[PlyCount "74"]
[EventDate "2021.01.10"]
[EventType "tourn (corr)"]
[EventRounds "6"]
[EventCountry "GER"]
[SourceTitle "Corr 2024"]
[Source "ChessBase"]
[SourceDate "2023.10.19"]
[SourceVersion "1"]
[SourceVersionDate "2023.10.19"]
[SourceQuality "1"]

1. e4 e5 2. Nf3 Nc6 3. Bc4 Nf6 4. d3 Be7 5. 0-0 0-0 6. Re1 d6 7. a4 Na5 8. Ba2 c5 9. c3 Nc6 10. Na3 h6 11. Nc2 Be6 12. Bxe6 fxe6 13. b4 cxb4 14. cxb4 a6 15. Bb2 b5 16. axb5 axb5 17. Bc3 Rc8 18. Na3 Qb6 19. h3 Nh5 20. Nc2 Nf4 21. Bd2 d5 22. Bxf4 Rxf4 23. Qb1 Bd6 24. Qb3 Ne7 25. Ra2 Rcf8 26. Rea1 Kh7 27. Nce1 Ng6 28. Ra7 Bb8 29. R7a6 Qb7 30. Rxe6 dxe4 31. dxe4 Qxe4 32. Qd3 Qxd3 33. Nxd3 Rc4 34. Ndxe5 Nxe5 35. Nxe5 Rc2 36. Nd3 Rd2 37. Re3 Bd6 1/2-1/2

[Event "LSS No Engine Cup 211 Preliminary 0"]
[Site "LSS email"]
[Date "2020.12.15"]
[Round "?"]
[White "Zmolil, Karel"]
[Black "Callow, Chris"]
[Result "0-1"]
[WhiteElo "1320"]
[BlackElo "2218"]
[PlyCount "42"]
[EventDate "2020.12.15"]
[EventType "tourn (corr)"]
[EventRounds "6"]
[EventCountry "GER"]
[SourceTitle "Corr 2024"]
[Source "ChessBase"]
[SourceDate "2023.10.19"]
[SourceVersion "1"]
[SourceVersionDate "2023.10.19"]
[SourceQuality "1"]

1. e4 e5 2. Nf3 Nc6 3. d4 exd4 4. Nxd4 Nf6 5. Nxc6 bxc6 6. Bd3 d5 7. e5 Ng4 8. Bf4 f6 9. Qe2 Nxe5 10. Bxe5 fxe5 11. Qh5+ Kd7 12. Qxe5 Bb4+ 13. Kd1 Qe7 14. Bf5+ Kd8 15. Qxe7+ Bxe7 16. Bxc8 Kxc8 17. c3 Bc5 18. f3 Rb8 19. b4 Bd6 20. g3 a5 21. a3 Ra8 0-1

[Event "LSS No Engine Cup 202 Final"]
[Site "LSS email"]
[Date "2020.12.13"]
[Round "?"]
[White "Callow, Chris"]
[Black "Hogar, Raif"]
[Result "1/2-1/2"]
[WhiteElo "2218"]
[BlackElo "2234"]
[PlyCount "91"]
[EventDate "2020.12.13"]
[EventType "tourn (corr)"]
[EventRounds "6"]
[EventCountry "GER"]
[SourceTitle "Corr 2024"]
[Source "ChessBase"]
[SourceDate "2023.10.19"]
[SourceVersion "1"]
[SourceVersionDate "2023.10.19"]
[SourceQuality "1"]

1. e4 c5 2. Nf3 d6 3. d4 cxd4 4. Nxd4 Nf6 5. Nc3 a6 6. Bg5 Nbd7 7. f4 Qc7 8. Qf3 h6 9. Bxf6 Nxf6 10. f5 Qc5 11. 0-0-0 g5 12. Nd5 Nxd5 13. exd5 Bg7 14. Nb3 Qa7 15. Bd3 Bf6 16. c3 Bd7 17. Kb1 Ba4 18. Rde1 Bxb3 19. axb3 b5 20. Re4 Qb7 21. Rb4 Kf8 22. Rd1 Rc8 23. Be2 Kg7 24. Qd3 Rc5 25. h3 Rg8 26. Rd2 Rgc8 27. Qe3 a5 28. Rg4 Qd7 29. Bd1 b4 30. c4 Qxf5+ 31. Ka2 Ra8 32. Rf2 Qd7 33. h4 a4 34. hxg5 axb3+ 35. Kb1 hxg5 36. Rxg5+ Kf8 37. Rg4 Qa4 38. Qh6+ Ke8 39. Rg8+ Kd7 40. Rxa8 Qxa8 41. Bxb3 Ra5 42. Qe3 Ra1+ 43. Kc2 Qa5 44. Re2 Qc5 45. Qxc5 dxc5 46. Kd3 1/2-1/2

[Event "LSS No Engine Cup 204 Preliminary 0"]
[Site "LSS email"]
[Date "2020.06.05"]
[Round "?"]
[White "Callow, Chris"]
[Black "Glowinski, Daniel"]
[Result "1-0"]
[WhiteElo "2093"]
[BlackElo "1943"]
[PlyCount "67"]
[EventDate "2020.06.05"]
[EventType "tourn (corr)"]
[EventRounds "6"]
[EventCountry "GER"]
[SourceTitle "Corr 2022"]
[Source "ChessBase"]
[SourceDate "2021.10.24"]
[SourceVersion "1"]
[SourceVersionDate "2021.10.24"]
[SourceQuality "1"]

1. e4 c6 2. d4 d5 3. exd5 cxd5 4. c4 e6 5. Nc3 Nf6 6. Nf3 Be7 7. cxd5 exd5 8. Bb5+ Bd7 9. Bxd7+ Nbxd7 10. 0-0 0-0 11. Qb3 Qa5 12. Bf4 Bb4 13. Rfc1 Rfc8 14. Nd1 Nh5 15. Bg5 Rxc1 16. Rxc1 h6 17. a3 hxg5 18. axb4 Qd8 19. Ne3 Nf4 20. Re1 Nb6 21. g3 Ne6 22. Qd3 Qe7 23. Ng4 Re8 24. h3 Qxb4 25. Qf5 Re7 26. Rxe6 fxe6 27. Qg6 Kf8 28. Nge5 Nc4 29. Qh5 Kg8 30. Ng6 Rc7 31. b3 Ne3 32. h4 Rc1+ 33. Kh2 Ng4+ 34. Qxg4 1-0

[Event "LSS No Engine Cup 202 Preliminary 0"]
[Site "LSS email"]
[Date "2020.04.04"]
[Round "?"]
[White "Callow, Chris"]
[Black "Wernitz, Helmut"]
[Result "1-0"]
[WhiteElo "2079"]
[BlackElo "1616"]
[PlyCount "47"]
[EventDate "2020.04.04"]
[EventType "tourn (corr)"]
[EventRounds "6"]
[EventCountry "GER"]
[SourceTitle "Corr 2022"]
[Source "ChessBase"]
[SourceDate "2021.10.24"]
[SourceVersion "1"]
[SourceVersionDate "2021.10.24"]
[SourceQuality "1"]

1. e4 c5 2. Nf3 d6 3. d4 cxd4 4. Nxd4 Nf6 5. Nc3 a6 6. Bg5 e6 7. f4 Nbd7 8. Qf3 Qc7 9. 0-0-0 b5 10. Bd3 Bb7 11. Rhe1 Qb6 12. Nd5 Qxd4 13. Bxf6 gxf6 14. Bxb5 Qc5 15. b4 Qxb5 16. Nc7+ Kd8 17. Nxb5 axb5 18. Qh5 Rxa2 19. Qxf7 Ra1+ 20. Kd2 Rxd1+ 21. Rxd1 Bxe4 22. Qxe6 d5 23. Ra1 Bxb4+ 24. Kd1 1-0

[Event "LSS No Engine Cup 202 Preliminary 0"]
[Site "LSS email"]
[Date "2020.04.04"]
[Round "?"]
[White "Nowak, Andrzej"]
[Black "Callow, Chris"]
[Result "1/2-1/2"]
[WhiteElo "1840"]
[BlackElo "2079"]
[PlyCount "99"]
[EventDate "2020.04.04"]
[EventType "tourn (corr)"]
[EventRounds "6"]
[EventCountry "GER"]
[SourceTitle "Corr 2022"]
[Source "ChessBase"]
[SourceDate "2021.10.24"]
[SourceVersion "1"]
[SourceVersionDate "2021.10.24"]
[SourceQuality "1"]

1. e4 e5 2. Nf3 Nc6 3. Bb5 a6 4. Ba4 Nf6 5. 0-0 Be7 6. d3 b5 7. Bb3 d6 8. a4 Bd7 9. Bd2 b4 10. a5 0-0 11. h3 Rb8 12. Be3 Be6 13. Nbd2 Bxb3 14. Nxb3 Rb5 15. Nfd2 d5 16. Bg5 Re8 17. Qe2 g6 18. Rfe1 Kg7 19. Qe3 Ng8 20. Bxe7 Ncxe7 21. exd5 Nxd5 22. Qg3 Nf4 23. d4 g5 24. h4 h6 25. c4 bxc3 26. bxc3 exd4 27. Rxe8 Qxe8 28. Nxd4 Ne2+ 29. Nxe2 Qxe2 30. c4 Rc5 31. hxg5 Rxg5 32. Qc3+ Qe5 33. Qxe5+ Rxe5 34. f4 Rf5 35. g3 h5 36. Kf2 h4 37. Nb3 Nf6 38. Kf3 hxg3 39. Kxg3 Nh5+ 40. Kg4 Kf6 41. Rh1 Kg6 42. Rf1 Nf6+ 43. Kg3 Ne4+ 44. Kf3 Ng5+ 45. Kg4 Ne6 46. Rf2 Kf6 47. Rf3 Kg6 48. Rf2 Kf6 49. Rf3 Kg6 50. Rf2 1/2-1/2

[Event "LSS No Engine Cup 178 Final"]
[Site "LSS email"]
[Date "2018.12.25"]
[Round "?"]
[White "Callow, Chris"]
[Black "Leijen, Peter"]
[Result "1/2-1/2"]
[WhiteElo "2197"]
[BlackElo "2065"]
[PlyCount "83"]
[EventDate "2018.12.26"]
[EventType "tourn (corr)"]
[EventRounds "6"]
[EventCountry "GER"]
[SourceTitle "Corr 2022"]
[Source "ChessBase"]
[SourceDate "2021.10.24"]
[SourceVersion "1"]
[SourceVersionDate "2021.10.24"]
[SourceQuality "1"]

1. e4 c5 2. Nf3 d6 3. d4 cxd4 4. Nxd4 Nf6 5. Nc3 a6 6. Be3 e5 7. Nf3 Qc7 8. a4 Be7 9. a5 0-0 10. Be2 Nbd7 11. 0-0 b5 12. axb6 Nxb6 13. Nd2 h6 14. Bxb6 Qxb6 15. Nc4 Qb8 16. Qd2 Be6 17. Qe3 Ra7 18. b3 Rc8 19. Rfd1 a5 20. Ra2 Rc5 21. Na4 Rcc7 22. Nxd6 Rd7 23. Nb5 Rxd1+ 24. Bxd1 Rd7 25. Nbc3 Bb4 26. Be2 Rd8 27. Ra1 Rc8 28. Rd1 g6 29. Rd3 Kg7 30. h3 Qb7 31. Qg3 Qb8 32. Bg4 Nxg4 33. hxg4 Be7 34. f3 Rc6 35. Qe1 Bb4 36. Qe2 Qc8 37. Qe3 Qa6 38. Kh2 Qc8 39. Kh1 Qf8 40. Kg1 Qh8 41. Qd2 Qa8 42. Qd1 1/2-1/2

[Event "CP-2018-P-00019"]
[Site "LSS email"]
[Date "2018.09.27"]
[Round "?"]
[White "Callow, Chris"]
[Black "Gyimesi, Jeno"]
[Result "1/2-1/2"]
[WhiteElo "1978"]
[BlackElo "1773"]
[PlyCount "86"]
[EventDate "2018.10.01"]
[EventType "tourn (corr)"]
[EventRounds "6"]
[EventCountry "GER"]
[SourceTitle "Corr 2022"]
[Source "ChessBase"]
[SourceDate "2021.10.24"]
[SourceVersion "1"]
[SourceVersionDate "2021.10.24"]
[SourceQuality "1"]

1. e4 e5 2. Nf3 Nc6 3. d4 exd4 4. Nxd4 Bc5 5. Be3 Qf6 6. c3 Nge7 7. Bc4 Ne5 8. Be2 0-0 9. 0-0 d5 10. f4 N5c6 11. e5 Qh4 12. Qd2 Nxd4 13. Bxd4 Bxd4+ 14. cxd4 c6 15. Na3 f6 16. Nc2 Qh6 17. g3 fxe5 18. dxe5 Bh3 19. Rf3 b6 20. Ra3 a5 21. Rd1 Bd7 22. Bf3 Qg6 23. Ne3 Be6 24. Rd3 Rad8 25. a3 Kh8 26. Bg2 Bc8 27. Qc3 a4 28. Qb4 c5 29. Qxa4 d4 30. R3d2 Bd7 31. Qc2 dxe3 32. Qxg6 Nxg6 33. Rxd7 Rxd7 34. Rxd7 Nxe5 35. Re7 Nc4 36. b4 g6 37. bxc5 bxc5 38. a4 Rb8 39. Bc6 Rb1+ 40. Kg2 Kg8 41. Bd5+ Kf8 42. Rb7 Nb6 43. Kf3 e2 1/2-1/2

[Event "CP-2018-P-00019"]
[Site "LSS email"]
[Date "2018.09.27"]
[Round "?"]
[White "Callow, Chris"]
[Black "Koepcke, Klaus Peter"]
[Result "1-0"]
[WhiteElo "1978"]
[BlackElo "1332"]
[PlyCount "83"]
[EventDate "2018.10.01"]
[EventType "tourn (corr)"]
[EventRounds "6"]
[EventCountry "GER"]
[SourceTitle "Corr 2022"]
[Source "ChessBase"]
[SourceDate "2021.10.24"]
[SourceVersion "1"]
[SourceVersionDate "2021.10.24"]
[SourceQuality "1"]

1. e4 c5 2. Nf3 d6 3. d4 cxd4 4. Nxd4 Nf6 5. Nc3 a6 6. Bg5 e6 7. f4 Nbd7 8. Qe2 Be7 9. 0-0-0 Qc7 10. g4 b5 11. a3 Bb7 12. Bg2 Rc8 13. Kb1 0-0 14. Bxf6 Nxf6 15. g5 Nd7 16. h4 Nb6 17. f5 e5 18. Nb3 f6 19. g6 h6 20. Rh3 Rfd8 21. Qd2 Bf8 22. h5 Nc4 23. Qe2 Bc6 24. Nd5 Qa7 25. Rf3 a5 26. Bf1 a4 27. Nc1 Rb8 28. Na2 Bxd5 29. exd5 Rdc8 30. Nb4 Qc5 31. Na6 Qb6 32. Nxb8 Qxb8 33. Qe4 Qb6 34. Rc3 Qg1 35. Ka2 Rc5 36. Qg2 Qxg2 37. Bxg2 Rc8 38. b3 Nb6 39. Rxc8 Nxc8 40. bxa4 bxa4 41. Rb1 Ne7 42. Rb8 1-0

[Event "LSS No Engine Cup 178 Preliminary 0"]
[Site "LSS email"]
[Date "2018.04.16"]
[Round "?"]
[White "Callow, Chris"]
[Black "Glowinski, Daniel"]
[Result "1-0"]
[WhiteElo "2192"]
[BlackElo "1883"]
[PlyCount "91"]
[EventDate "2018.04.17"]
[EventType "tourn (corr)"]
[EventRounds "6"]
[EventCountry "GER"]
[SourceTitle "Corr 2022"]
[Source "ChessBase"]
[SourceDate "2021.10.24"]
[SourceVersion "1"]
[SourceVersionDate "2021.10.24"]
[SourceQuality "1"]

1. e4 c5 2. Nf3 d6 3. d4 cxd4 4. Nxd4 Nf6 5. Nc3 g6 6. Be3 Bg7 7. f3 0-0 8. Qd2 Nc6 9. 0-0-0 Nxd4 10. Bxd4 Be6 11. Kb1 Rc8 12. h4 Nh5 13. Bxg7 Kxg7 14. Ne2 Rh8 15. g4 Nf6 16. h5 h6 17. hxg6 fxg6 18. Nd4 Bf7 19. Bd3 Qb6 20. c3 e5 21. Nc2 d5 22. g5 hxg5 23. Qxg5 dxe4 24. fxe4 Rxh1 25. Rxh1 Rh8 26. Rxh8 Kxh8 27. Ne3 Qd6 28. Bc2 b5 29. Kc1 Kh7 30. a4 bxa4 31. Bxa4 Qd3 32. Bc2 Qe2 33. Nd1 Ng4 34. Qe7 Qf1 35. Qxa7 g5 36. b4 Kg7 37. Kb2 Kg6 38. Qd7 Nf6 39. Qd6 Qf4 40. b5 Qf1 41. Qxe5 Ng4 42. Qd6+ Kg7 43. Qc5 Qf4 44. b6 Qe5 45. Qd4 Kh7 46. b7 1-0

[Event "LSS No Engine Cup 178 Preliminary 0"]
[Site "LSS email"]
[Date "2018.04.16"]
[Round "?"]
[White "Callow, Chris"]
[Black "Lombardi, Donato"]
[Result "1-0"]
[WhiteElo "2192"]
[BlackElo "1170"]
[PlyCount "51"]
[EventDate "2018.04.17"]
[EventType "tourn (corr)"]
[EventRounds "6"]
[EventCountry "GER"]
[SourceTitle "Corr 2022"]
[Source "ChessBase"]
[SourceDate "2021.10.24"]
[SourceVersion "1"]
[SourceVersionDate "2021.10.24"]
[SourceQuality "1"]

1. e4 e6 2. d4 d5 3. Nc3 Nf6 4. Bg5 Be7 5. e5 Nfd7 6. Bxe7 Qxe7 7. f4 a6 8. Nf3 c5 9. Qd2 cxd4 10. Nxd4 Nc6 11. 0-0-0 Nxd4 12. Qxd4 0-0 13. Bd3 b5 14. Ne4 dxe4 15. Qxe4 f5 16. exf6 Nxf6 17. Qxa8 Ng4 18. Qf3 e5 19. Rhe1 Nxh2 20. Qh5 h6 21. Qxh2 Bf5 22. Rxe5 Qd7 23. Bxf5 Qb7 24. Rd7 Qb6 25. Qg3 Rf7 26. Re8+ 1-0